[Event "NED-ch 1997 sf"]
[Site "Enschede"]
[Date "1996.??.??"]
[Round "1"]
[White "Bosboom, Manuel"]
[Black "Van Schaardenburg, Mark"]
[Result "1/2-1/2"]
[WhiteElo "2410"]
[BlackElo "2295"]
[PlyCount "112"]
[EventDate "1996.??.??"]

1. d4 Nf6 2. c4 c5 3. d5 e5 4. Nc3 d6 5. e4 Be7 6. Be2 O-O 7. Nf3 Na6 8. O-O
Rb8 9. a3 Bd7 10. Rb1 Nc7 11. b4 b6 12. h3 Nfe8 13. Rb3 f5 14. exf5 Bxf5 15.
Bd3 g6 16. Bh6 Ng7 17. Bxf5 gxf5 18. bxc5 bxc5 19. Rxb8 Qxb8 20. Nxe5 dxe5 21.
Bxg7 Kxg7 22. d6 Bf6 23. dxc7 Qxc7 24. Nd5 Qd7 25. Nxf6 Qxd1 26. Rxd1 Kxf6 27.
Rd6+ Ke7 28. Rc6 Rf7 29. f3 Kd7 30. Rxc5 Kd6 31. Rd5+ Ke6 32. Ra5 Rc7 33. Ra6+
Kf7 34. Ra4 f4 35. Kf2 Kg6 36. g3 fxg3+ 37. Kxg3 Kf5 38. Rb4 h5 39. h4 Rc5 40.
Rb7 Ra5 41. Rb3 Rc5 42. Rc3 e4 43. f4 a6 44. a4 Rc7 45. c5 Rg7+ 46. Kf2 Kxf4
47. c6 Rc7 48. Rc4 Ke5 49. Ke3 Kd5 50. Rc1 a5 51. Rd1+ Ke5 52. Rg1 Rxc6 53.
Rg5+ Kf6 54. Rxa5 Rc3+ 55. Kd4 Rh3 56. Rxh5 Ra3 1/2-1/2

[Event "NED-ch 1997 sf"]
[Site "Enschede"]
[Date "1996.??.??"]
[Round "1"]
[White "Bosch, Jeroen"]
[Black "Etmans, Maarten"]
[Result "1/2-1/2"]
[WhiteElo "2425"]
[BlackElo "2230"]
[PlyCount "91"]
[EventDate "1996.??.??"]

1. e4 Nf6 2. e5 Nd5 3. d4 d6 4. Nf3 dxe5 5. Nxe5 g6 6. c4 Nb6 7. Be3 Bg7 8. Nc3
O-O 9. f4 Nc6 10. Be2 Nxe5 11. dxe5 Be6 12. b3 f6 13. exf6 Bxf6 14. Qxd8 Raxd8
15. Rc1 c6 16. g3 Bd4 17. Kf2 Bf5 18. Bxd4 Rxd4 19. c5 Nd5 20. Nxd5 cxd5 21.
Rhd1 Rxd1 22. Rxd1 Be4 23. Ke3 Kf7 24. Rc1 Rc8 25. Kd4 e6 26. Ke5 Ke7 27. b4 h5
28. b5 Bf5 29. c6 b6 30. a4 Rd8 31. Kd4 Kd6 32. Ra1 Re8 33. a5 bxa5 34. Rxa5
Re7 35. Ra6 Rc7 36. Bf1 Bg4 37. Bd3 Bf5 38. Bf1 Bg4 39. b6 axb6 40. Bb5 g5 41.
Rxb6 gxf4 42. gxf4 Rf7 43. Ke3 Re7 44. Rb7 Rxb7 45. cxb7 Kc7 46. Ba6 1/2-1/2

[Event "NED-ch 1997 sf"]
[Site "Enschede"]
[Date "1996.??.??"]
[Round "1"]
[White "Ellenbroek, Ton"]
[Black "Van der Weide, Karel"]
[Result "0-1"]
[WhiteElo "2095"]
[BlackElo "2365"]
[PlyCount "76"]
[EventDate "1996.??.??"]

1. e4 c5 2. Nf3 Nc6 3. Bb5 g6 4. c3 Bg7 5. d4 Qa5 6. Bxc6 dxc6 7. dxc5 Qxc5 8.
Be3 Qa5 9. O-O Nf6 10. Nbd2 O-O 11. h3 Rd8 12. Qc2 Qc7 13. Rfd1 b6 14. a3 Ba6
15. Nf1 c5 16. Ng3 Bb7 17. a4 h6 18. a5 Rac8 19. axb6 axb6 20. Re1 e6 21. Bd2
c4 22. Qc1 Kh7 23. Bf4 Qe7 24. Qe3 Nd7 25. Ra7 Nc5 26. Be5 Rd3 27. Qe2 Rxf3 28.
Bxg7 Rxg3 29. fxg3 Kxg7 30. Qxc4 Rc7 31. Qd4+ e5 32. Qe3 Bc6 33. Ra3 Qg5 34.
Qf3 f5 35. Qd1 Nxe4 36. Ra6 Qxg3 37. c4 Nf2 38. Qd2 Qxg2# 0-1

[Event "NED-ch 1997 sf"]
[Site "Enschede"]
[Date "1996.??.??"]
[Round "1"]
[White "Hendriks, Willy"]
[Black "Perez Garcia, Hebert"]
[Result "0-1"]
[WhiteElo "2430"]
[BlackElo "2210"]
[PlyCount "76"]
[EventDate "1996.??.??"]

1. e4 c6 2. d4 d5 3. exd5 cxd5 4. c4 Nf6 5. Nc3 e6 6. Nf3 Bb4 7. Bg5 Qa5 8. Bd2
Ne4 9. Nxe4 dxe4 10. a3 Bxd2+ 11. Nxd2 f5 12. b4 Qd8 13. Nb3 O-O 14. Qd2 Qe7
15. g3 b6 16. Bg2 Bb7 17. O-O Nd7 18. f3 Nf6 19. Qe3 Rac8 20. Rac1 exf3 21.
Bxf3 Bxf3 22. Rxf3 Ng4 23. Qe2 Rce8 24. Re1 Qd7 25. Rd3 Qa4 26. Qb2 e5 27. dxe5
Qc6 28. Qd4 Qh6 29. Re2 f4 30. Nd2 Rxe5 31. Qxe5 Nxe5 32. Rxe5 fxg3 33. hxg3
Qg6 34. Ree3 h6 35. Rc3 Rd8 36. Ne4 Rd1+ 37. Kg2 Rd4 38. Nf2 Qc6+ 0-1

[Event "NED-ch 1997 sf"]
[Site "Enschede"]
[Date "1996.??.??"]
[Round "1"]
[White "Hoogendoorn, Joost"]
[Black "Van der Poel, Henk"]
[Result "0-1"]
[WhiteElo "2345"]
[BlackElo "2320"]
[PlyCount "160"]
[EventDate "1996.??.??"]

1. e4 c5 2. Nf3 d6 3. d4 cxd4 4. Nxd4 Nf6 5. Nc3 Nc6 6. Bc4 e6 7. Be3 Be7 8.
Qe2 O-O 9. O-O-O Bd7 10. Rhg1 Rc8 11. Bb3 Na5 12. f3 e5 13. Ndb5 Nxb3+ 14. axb3
Qa5 15. Kb1 Rc6 16. Nd5 Nxd5 17. Rxd5 Be6 18. Nc3 Bxd5 19. Nxd5 Qd8 20. Bxa7
Ra6 21. Bf2 Bg5 22. c3 f5 23. exf5 Rxf5 24. Qe4 Rf7 25. Kc2 Qa8 26. Qg4 Qd8 27.
Rd1 Be7 28. Qe6 Bf8 29. b4 b5 30. Ne3 Qd7 31. Qd5 Qb7 32. Be1 Qxd5 33. Rxd5 Rb7
34. c4 bxc4 35. Nxc4 Kf7 36. b5 Ra1 37. Bb4 Ke6 38. Rd2 d5 39. Bxf8 dxc4 40.
Kc3 Rxb5 41. Kxc4 Rb8 42. Bxg7 Rc1+ 43. Kd3 Rd8+ 44. Ke2 Rg8 45. Bh6 Rxg2+ 46.
Kd3 Rxd2+ 47. Bxd2 Rh1 48. f4 Rxh2 49. fxe5 Kxe5 50. Ke3 Rh3+ 51. Kf2 Rh2+ 52.
Ke3 Rh3+ 53. Kf2 Ke4 54. Kg2 Rd3 55. Be1 Kf4 56. Kh2 Kg4 57. Kg2 Rd1 58. Bc3
Rc1 59. Bd4 Rc2+ 60. Kh1 Re2 61. b4 Kg3 62. b5 Re1+ 63. Bg1 Rb1 64. b6 Kh3 65.
b7 Rxb7 66. Bc5 Rb1+ 67. Bg1 Rb2 68. Bd4 Rd2 69. Bg1 Kg3 70. Bb6 Rh2+ 71. Kg1
Rc2 72. Kh1 h5 73. Bg1 h4 74. Bd4 Rh2+ 75. Kg1 Re2 76. Kh1 h3 77. Bb6 h2 78.
Bc7+ Kh3 79. Ba5 Rg2 80. Bb6 Rb2 0-1

[Event "NED-ch 1997 sf"]
[Site "Enschede"]
[Date "1996.??.??"]
[Round "1"]
[White "Knoppert, Erik"]
[Black "Theulings, Paul-Peter"]
[Result "1-0"]
[WhiteElo "2415"]
[BlackElo "2155"]
[PlyCount "71"]
[EventDate "1996.??.??"]

1. e4 Nf6 2. d3 e5 3. h3 Bc5 4. Nf3 Nc6 5. g3 d5 6. Nbd2 O-O 7. Bg2 dxe4 8.
dxe4 Qe7 9. O-O Rd8 10. Re1 Nh5 11. Kf1 b6 12. Qe2 a5 13. b3 Qf6 14. c3 Ba6 15.
Nc4 h6 16. Be3 Bxe3 17. Qxe3 Qe6 18. Nfd2 b5 19. Nb2 b4+ 20. Kg1 bxc3 21. Qxc3
Nd4 22. Kh2 Qf6 23. Nf3 Rd6 24. Nxd4 Rxd4 25. Kg1 Rad8 26. Rad1 Qd6 27. Qxa5
Rd2 28. Bf3 Nf6 29. Na4 Nxe4 30. Rxd2 Nxd2 31. Bg2 e4 32. Nc5 Bc8 33. Nxe4 Nxe4
34. Rxe4 Qd1+ 35. Qe1 Qc2 36. Re8+ 1-0

[Event "NED-ch 1997 sf"]
[Site "Enschede"]
[Date "1996.??.??"]
[Round "1"]
[White "Roobol, Martin"]
[Black "Bark, Eric"]
[Result "1/2-1/2"]
[WhiteElo "2365"]
[BlackElo "2295"]
[PlyCount "74"]
[EventDate "1996.??.??"]

1. d4 d5 2. c4 e6 3. Nc3 Nf6 4. cxd5 exd5 5. Bg5 Be7 6. e3 O-O 7. Bd3 c6 8.
Nge2 Ne4 9. Bxe7 Qxe7 10. Bxe4 dxe4 11. Qc2 f5 12. h4 Na6 13. Nf4 Be6 14. a3
Qf7 15. Nxe6 Qxe6 16. Ne2 Nc7 17. Nf4 Qf7 18. g3 Nd5 19. Nxd5 Qxd5 20. Rc1 Rf7
21. Qc4 Rd8 22. b4 h6 23. Qxd5 Rxd5 24. Ke2 Rfd7 25. Rc3 Kf7 26. Rhc1 g5 27.
hxg5 hxg5 28. Rh1 Kg6 29. Rh8 Rd8 30. Rh1 Rb5 31. Rc5 Rxc5 32. bxc5 Rd7 33. Rh8
Rh7 34. Ra8 a6 35. Rf8 Rh1 36. Rb8 Rh7 37. Rf8 Rh1 1/2-1/2

[Event "NED-ch 1997 sf"]
[Site "Enschede"]
[Date "1996.??.??"]
[Round "1"]
[White "Sziva, Erika"]
[Black "Kroeze, Frank"]
[Result "1/2-1/2"]
[WhiteElo "2250"]
[BlackElo "2390"]
[PlyCount "67"]
[EventDate "1996.??.??"]

1. e4 e5 2. Nf3 Nf6 3. d4 Nxe4 4. Bd3 d5 5. Nxe5 Nd7 6. Nc3 Nxc3 7. bxc3 Nxe5
8. dxe5 Qh4 9. O-O Be7 10. Be3 O-O 11. Rb1 b6 12. f4 c5 13. Qf3 Bb7 14. Bc4
Rad8 15. Rbd1 dxc4 16. Qxb7 Qg4 17. Rxd8 Bxd8 18. Re1 Qf5 19. Re2 f6 20. Qd5+
Kh8 21. Rd2 Be7 22. Qd7 Qxd7 23. Rxd7 Re8 24. Rxa7 fxe5 25. fxe5 Kg8 26. Bf4
Kf7 27. Rb7 Ke6 28. Rxb6+ Kf5 29. Bg3 Ra8 30. Rb7 Ke6 31. Rb6+ Kd5 32. Rb7 Ke6
33. Rb6+ Kd5 34. Rb7 1/2-1/2

[Event "NED-ch 1997 sf"]
[Site "Enschede"]
[Date "1996.??.??"]
[Round "1"]
[White "Van Wissen, Michiel"]
[Black "Van Haastert, Edwin"]
[Result "1/2-1/2"]
[WhiteElo "2160"]
[BlackElo "2300"]
[PlyCount "129"]
[EventDate "1996.??.??"]

1. d4 d5 2. c4 c6 3. Nc3 Nf6 4. Nf3 e6 5. g3 Ne4 6. Qc2 Qa5 7. Bg2 Bb4 8. Bd2
Nxd2 9. Nxd2 O-O 10. O-O Nd7 11. e4 dxc4 12. Nxc4 Qh5 13. e5 c5 14. a3 cxd4 15.
axb4 dxc3 16. Qxc3 f6 17. f4 a6 18. Nd6 Nb6 19. Qd4 Nd5 20. Bxd5 exd5 21. Qxd5+
Kh8 22. Rad1 Bh3 23. Rfe1 fxe5 24. Rxe5 Qg6 25. Qd3 Qh6 26. Rde1 Bd7 27. Qd5
Qf6 28. Ne4 Qb6+ 29. Qc5 Qg6 30. Qd6 Qxd6 31. Nxd6 Bc6 32. Re7 Rab8 33. Rc7 h6
34. Ree7 Rg8 35. f5 Rbf8 36. g4 Rf6 37. Nf7+ Kh7 38. Ne5 h5 39. h3 Kh6 40. h4
Kh7 41. Re6 Rxe6 42. fxe6 hxg4 43. e7 Rb8 44. Kf2 Kg8 45. Nc4 Kf7 46. Nd6+ Ke6
47. Rxc6 Kxe7 48. Nf5+ Kd7 49. Rd6+ Kc7 50. Rg6 Rf8 51. Rxg7+ Kc6 52. Rg5 Kb5
53. Ke2 Kxb4 54. Kd2 Kb3 55. h5 Kxb2 56. h6 b5 57. Ne3 Rd8+ 58. Rd5 Rg8 59. h7
Rh8 60. Rd7 g3 61. Rb7 Kb3 62. Ke2 b4 63. Nd5 a5 64. Kf3 Kc4 65. Nxb4 1/2-1/2

[Event "NED-ch 1997 sf"]
[Site "Enschede"]
[Date "1996.??.??"]
[Round "1"]
[White "Vogel, Jaap"]
[Black "Van der Werf, Mark"]
[Result "1/2-1/2"]
[WhiteElo "2295"]
[BlackElo "2400"]
[PlyCount "39"]
[EventDate "1996.??.??"]

1. Nf3 d5 2. g3 c6 3. b3 Bg4 4. Bg2 Nd7 5. Bb2 Ngf6 6. c4 e6 7. O-O a5 8. a3
Bd6 9. d4 Qb8 10. Nbd2 O-O 11. Rc1 Rc8 12. Re1 b5 13. c5 Be7 14. e4 dxe4 15.
Nxe4 Rd8 16. Qe2 Qc7 17. h3 Bxf3 18. Qxf3 Nd5 19. h4 Rf8 20. Bh3 1/2-1/2

[Event "NED-ch 1997 sf"]
[Site "Enschede"]
[Date "1996.??.??"]
[Round "2"]
[White "Bark, Eric"]
[Black "Sziva, Erika"]
[Result "0-1"]
[WhiteElo "2295"]
[BlackElo "2250"]
[PlyCount "120"]
[EventDate "1996.??.??"]

1. d4 Nf6 2. Nf3 g6 3. c4 Bg7 4. Nc3 d6 5. e4 O-O 6. Be2 e5 7. d5 a5 8. Bg5 h6
9. Bh4 Na6 10. Nd2 Qe8 11. O-O Bd7 12. f3 Nh7 13. b3 f5 14. a3 b6 15. Rb1 Bf6
16. Bf2 Nc5 17. Qc2 Qe7 18. b4 Nb7 19. Nb5 Bc8 20. Nb3 fxe4 21. fxe4 Bg5 22.
Bf3 Rf7 23. c5 bxc5 24. bxc5 dxc5 25. Nxc5 Nd6 26. Nd3 Ba6 27. a4 h5 28. Qc3
Nf6 29. Rfe1 Re8 30. Bg3 Nd7 31. Qxc7 Bxb5 32. axb5 Rc8 33. Qa7 Qf8 34. Qxa5
Rxf3 35. gxf3 Qxf3 36. Qa7 h4 37. Qxd7 hxg3 38. Qe6+ Kg7 39. Qxe5+ Bf6 40. Qxg3
Bd4+ 41. Nf2 Qxg3+ 42. hxg3 Rc2 43. Rf1 Nxe4 44. Rb4 Bxf2+ 45. Rxf2 Nxf2 46. d6
Nh3+ 47. Kf1 Rf2+ 48. Ke1 Rf8 49. Rg4 Rd8 50. Kd2 Rxd6+ 51. Kc3 Kf7 52. Kb4 Ke7
53. Ka5 Nf2 54. Rc4 Nd3 55. b6 Rd5+ 56. Ka6 Nc5+ 57. Kb5 Nd7+ 58. Kc6 Rd6+ 59.
Kc7 Nxb6 60. Re4+ Re6 0-1

[Event "NED-ch 1997 sf"]
[Site "Enschede"]
[Date "1996.??.??"]
[Round "2"]
[White "Ernst, Sipke"]
[Black "Strating, Sybolt"]
[Result "1-0"]
[WhiteElo "2215"]
[BlackElo "2325"]
[PlyCount "81"]
[EventDate "1996.??.??"]

1. Nf3 d5 2. b3 Nf6 3. Bb2 e6 4. e3 Nbd7 5. c4 c6 6. d4 b5 7. c5 a5 8. Bd3 g6
9. Nbd2 Bg7 10. O-O Qc7 11. Qe2 O-O 12. Rac1 Nh5 13. g4 Nhf6 14. Ne5 Ne8 15. f4
f6 16. Nxd7 Qxd7 17. h3 Nc7 18. Nf3 Ba6 19. a3 Rfb8 20. b4 axb4 21. axb4 Re8
22. Rf2 Bc8 23. Rg2 Na6 24. Bc3 Qe7 25. Kh1 Nb8 26. h4 f5 27. h5 fxg4 28. Ng5
e5 29. dxe5 h6 30. Nh3 gxh5 31. Nf2 Rf8 32. Bg6 Rf5 33. Bxf5 Bxf5 34. e4 Bd7
35. e6 Qxe6 36. f5 Qe7 37. Bxg7 Kxg7 38. Nxg4 Kh7 39. Nh2 Qxe4 40. Qxe4 dxe4
41. Rcg1 1-0

[Event "NED-ch 1997 sf"]
[Site "Enschede"]
[Date "1996.??.??"]
[Round "2"]
[White "Kroeze, Frank"]
[Black "Vogel, Jaap"]
[Result "1/2-1/2"]
[WhiteElo "2390"]
[BlackElo "2295"]
[PlyCount "105"]
[EventDate "1996.??.??"]

1. e4 e6 2. d4 d5 3. Nd2 Nf6 4. e5 Nfd7 5. Bd3 c5 6. c3 Nc6 7. Ne2 a5 8. O-O a4
9. f4 g6 10. Nf3 cxd4 11. cxd4 h5 12. g3 Nb6 13. h3 Bd7 14. Nc3 Rc8 15. a3 Na5
16. Bc2 Nb3 17. Bxb3 axb3 18. Qxb3 Nc4 19. Bd2 Be7 20. Nd1 Nxd2 21. Nxd2 Qa5
22. Nc3 Qa6 23. Nf3 Kf8 24. Qd1 Kg7 25. Qd2 Bb5 26. Rfc1 Bd3 27. Qe3 Rc6 28. g4
hxg4 29. hxg4 Rh6 30. Kg2 Rc8 31. Rh1 Rch8 32. Rxh6 Rxh6 33. Rh1 Rxh1 34. Kxh1
Bd8 35. Kg2 Be7 36. Kg3 Bd8 37. Nh4 Qc4 38. Nf3 Qa6 39. Nd1 Bb1 40. Qc1 Be4 41.
Qe3 Qf1 42. Nf2 Bxf3 43. Qxf3 b5 44. g5 Ba5 45. b4 Bb6 46. Qc3 Qc4 47. Qxc4
bxc4 48. Kf3 Bxd4 49. Ke2 Bxf2 50. Kxf2 c3 51. Ke2 Kf8 52. a4 Ke8 53. a5
1/2-1/2

[Event "NED-ch 1997 sf"]
[Site "Enschede"]
[Date "1996.??.??"]
[Round "2"]
[White "Perez Garcia, Hebert"]
[Black "Riemersma, Liafbern"]
[Result "0-1"]
[WhiteElo "2210"]
[BlackElo "2435"]
[PlyCount "56"]
[EventDate "1996.??.??"]

1. e4 c5 2. Nc3 Nc6 3. g3 g6 4. Bg2 Bg7 5. d3 e5 6. Be3 d6 7. Qd2 Nge7 8. Bh6
Bxh6 9. Qxh6 Nd4 10. Rc1 Qa5 11. a3 b5 12. Qd2 Bg4 13. f3 Be6 14. f4 Nec6 15.
Nf3 Nxf3+ 16. Bxf3 Nd4 17. O-O f6 18. Bg2 exf4 19. Rxf4 O-O 20. Rcf1 Kg7 21.
Rxf6 Rxf6 22. Rxf6 b4 23. axb4 cxb4 24. Qf2 Qe5 25. Nd1 Qxf6 26. Qxf6+ Kxf6 27.
e5+ Kxe5 28. Bxa8 Nxc2 0-1

[Event "NED-ch 1997 sf"]
[Site "Enschede"]
[Date "1996.??.??"]
[Round "2"]
[White "Van Schaardenburg, Mark"]
[Black "Bosch, Jeroen"]
[Result "0-1"]
[WhiteElo "2295"]
[BlackElo "2425"]
[PlyCount "82"]
[EventDate "1996.??.??"]

1. e4 c5 2. Nc3 Nc6 3. f4 g6 4. Nf3 Bg7 5. Bc4 e6 6. f5 Nge7 7. fxe6 dxe6 8.
O-O O-O 9. Kh1 b6 10. a3 Na5 11. Ba2 c4 12. d4 cxd3 13. cxd3 Ba6 14. Bg5 Nac6
15. Qa4 Bb7 16. d4 h6 17. Be3 a6 18. Rad1 b5 19. Qc2 Na5 20. Qf2 Nc4 21. Bxc4
bxc4 22. Ne5 f5 23. Qe2 Rc8 24. exf5 exf5 25. Bg1 Re8 26. Rfe1 Nd5 27. Qf2 Qg5
28. Nf3 Qh5 29. Ne5 Qg5 30. Nf3 Qf6 31. Ne5 g5 32. Nd7 Qg6 33. Nc5 Ba8 34. Qc2
Nf4 35. d5 Rxe1 36. Rxe1 Nxd5 37. Ne2 Nf4 38. Nxf4 gxf4 39. Qxc4+ Kh7 40. Qf1
f3 41. gxf3 Qh5 0-1

[Event "NED-ch 1997 sf"]
[Site "Enschede"]
[Date "1996.??.??"]
[Round "2"]
[White "Van der Poel, Henk"]
[Black "De Boer, Sybolt"]
[Result "1-0"]
[WhiteElo "2320"]
[BlackElo "2240"]
[PlyCount "35"]
[EventDate "1996.??.??"]

1. e4 c5 2. Nf3 e6 3. d4 cxd4 4. Nxd4 Nf6 5. Nc3 d6 6. Be3 Be7 7. f4 O-O 8. Qf3
e5 9. Nb3 exf4 10. Qxf4 Nc6 11. Be2 a5 12. a4 Be6 13. Nd4 Nxd4 14. Bxd4 d5 15.
Rd1 Qc8 16. exd5 Nxd5 17. Nxd5 Bxd5 18. Qe5 1-0

[Event "NED-ch 1997 sf"]
[Site "Enschede"]
[Date "1996.??.??"]
[Round "2"]
[White "Van der Weide, Karel"]
[Black "Van Wissen, Michiel"]
[Result "1-0"]
[WhiteElo "2365"]
[BlackElo "2160"]
[PlyCount "81"]
[EventDate "1996.??.??"]

1. Nf3 g6 2. g3 Bg7 3. Bg2 c5 4. O-O Nc6 5. d3 d6 6. e4 e6 7. c3 Nge7 8. d4
cxd4 9. cxd4 d5 10. e5 Nf5 11. Nc3 O-O 12. Re1 Bd7 13. Bf4 h6 14. h4 Rc8 15.
Qd2 Kh7 16. Rac1 Qb6 17. Red1 Qd8 18. b3 Qe7 19. Ne2 Qb4 20. Qb2 Qe7 21. Qb1
Rc7 22. h5 Rfc8 23. g4 Nh4 24. Nxh4 Qxh4 25. Bf3 Nb4 26. Rxc7 Rxc7 27. Kg2 Bb5
28. Rh1 Bd3 29. hxg6+ fxg6 30. Qd1 Qe7 31. a3 Bc2 32. Qd2 Na6 33. Bxh6 Kg8 34.
Bxg7 Qxg7 35. Qg5 Re7 36. Nf4 Nc7 37. Rh6 Kf7 38. b4 b5 39. Rh1 Bb3 40. Be2 Bc4
41. Bd1 1-0

[Event "NED-ch 1997 sf"]
[Site "Enschede"]
[Date "1996.??.??"]
[Round "2"]
[White "Van der Werf, Mark"]
[Black "Ellenbroek, Ton"]
[Result "1-0"]
[WhiteElo "2400"]
[BlackElo "2095"]
[PlyCount "88"]
[EventDate "1996.??.??"]

1. d4 d5 2. Nf3 Nc6 3. g3 Bg4 4. Bg2 Qd7 5. O-O Bh3 6. c4 Bxg2 7. Kxg2 e6 8.
cxd5 exd5 9. Nc3 Bb4 10. Qb3 Bxc3 11. Qxc3 Nge7 12. b4 f6 13. a4 O-O 14. Ba3
Rfc8 15. b5 Nd8 16. Qb3 c6 17. bxc6 bxc6 18. Rab1 Kh8 19. Qb4 Ng6 20. Kh1 Qe8
21. Rfe1 h5 22. Rb3 Nf7 23. Re3 Qd7 24. Rg1 Re8 25. Qd2 Qf5 26. Rc1 h4 27. Rxc6
Nh6 28. Rxe8+ Rxe8 29. Qc2 Re4 30. Kg2 h3+ 31. Kf1 Ng4 32. Rc3 Kh7 33. Bc1 Ne7
34. Bf4 g5 35. Bd6 Qe6 36. Bxe7 Kh6 37. Bf8+ Kh5 38. Ba3 Nh6 39. Bc1 Nf5 40.
Rc7 g4 41. Nh4 Nxh4 42. Rh7+ Kg6 43. Rxh4 Qb6 44. Rxg4+ Kf5 1-0

[Event "NED-ch 1997 sf"]
[Site "Enschede"]
[Date "1996.??.??"]
[Round "3"]
[White "Bosboom, Manuel"]
[Black "Van der Werf, Mark"]
[Result "1-0"]
[WhiteElo "2410"]
[BlackElo "2400"]
[PlyCount "101"]
[EventDate "1996.??.??"]

1. c4 e6 2. Nf3 d5 3. g3 dxc4 4. Bg2 c6 5. a4 a6 6. Qc2 Bd6 7. Qxc4 Nf6 8. O-O
b5 9. Qc2 Bb7 10. Nc3 Nbd7 11. Ng5 Be7 12. d4 O-O 13. Rd1 h6 14. Nge4 Nd5 15.
Nc5 Nxc5 16. dxc5 Qc7 17. Nxd5 cxd5 18. b4 bxa4 19. e4 a5 20. exd5 exd5 21. Bf4
Qd7 22. Rxa4 axb4 23. Rxb4 Bc6 24. Bxd5 Bxd5 25. Rbd4 Rad8 26. Rxd5 Qxd5 27.
Rxd5 Rxd5 28. c6 Rdd8 29. c7 Rc8 30. h4 Rfe8 31. Qc6 Bf6 32. Qd7 Ra8 33. h5
Rec8 34. Kg2 Re8 35. Kh2 Rec8 36. Kg2 Re8 37. Kf3 Rf8 38. Bd6 Rfe8 39. Kg2 Rec8
40. Kh3 Re8 41. f4 Rec8 42. Kg4 Re8 43. Qc6 Rac8 44. Kf5 Kh7 45. Qd7 Kg8 46. g4
Bc3 47. g5 hxg5 48. fxg5 Ra8 49. Be7 Rec8 50. Bd8 Kh7 51. g6+ 1-0

[Event "NED-ch 1997 sf"]
[Site "Enschede"]
[Date "1996.??.??"]
[Round "3"]
[White "Bosch, Jeroen"]
[Black "Van der Poel, Henk"]
[Result "0-1"]
[WhiteElo "2425"]
[BlackElo "2320"]
[PlyCount "52"]
[EventDate "1996.??.??"]

1. e4 c5 2. Nf3 d6 3. d4 cxd4 4. Nxd4 Nf6 5. Nc3 Nc6 6. Bc4 e6 7. Be3 Be7 8.
Qe2 O-O 9. O-O-O Bd7 10. Bb3 Qb8 11. Rhg1 Nxd4 12. Bxd4 b5 13. g4 b4 14. g5 Ne8
15. Nd5 exd5 16. Bxd5 g6 17. f4 Nc7 18. Bxa8 Qxa8 19. Bf6 Re8 20. e5 Qc6 21.
Rd2 Bf5 22. Re1 d5 23. Bxe7 Rxe7 24. Qe3 Ne6 25. Qb3 Rc7 26. Kb1 Nd4 0-1

[Event "NED-ch 1997 sf"]
[Site "Enschede"]
[Date "1996.??.??"]
[Round "3"]
[White "De Boer, Sybolt"]
[Black "Theulings, Paul-Peter"]
[Result "1-0"]
[WhiteElo "2240"]
[BlackElo "2155"]
[PlyCount "83"]
[EventDate "1996.??.??"]

1. d4 Nf6 2. c4 e6 3. g3 d5 4. Bg2 Be7 5. Nf3 O-O 6. O-O b6 7. cxd5 exd5 8. Nc3
Bb7 9. Ne5 Na6 10. Bf4 c5 11. Rc1 Ne4 12. dxc5 Naxc5 13. Nxe4 dxe4 14. b4 Ne6
15. Qb3 Qd5 16. Qxd5 Bxd5 17. Rfd1 Rad8 18. b5 Nxf4 19. gxf4 Bc5 20. e3 f5 21.
Bf1 Be6 22. Bc4 Bxc4 23. Nxc4 Kf7 24. Ne5+ Ke6 25. Nc6 Rxd1+ 26. Rxd1 Ra8 27.
Nd4+ Bxd4 28. Rxd4 Rc8 29. Ra4 Rc7 30. f3 exf3 31. Kf2 Rc2+ 32. Kxf3 Rxh2 33.
Rxa7 g6 34. Ra6 Kd5 35. Rxb6 Rxa2 36. Rb7 Rh2 37. Rc7 Rb2 38. Rxh7 Rxb5 39. Rg7
Rb6 40. Kg3 Re6 41. Kf2 Ke4 42. Rd7 1-0

[Event "NED-ch 1997 sf"]
[Site "Enschede"]
[Date "1996.??.??"]
[Round "3"]
[White "Hoogendoorn, Joost"]
[Black "Van Haastert, Edwin"]
[Result "0-1"]
[WhiteElo "2345"]
[BlackElo "2300"]
[PlyCount "78"]
[EventDate "1996.??.??"]

1. d4 Nf6 2. Nc3 d5 3. e4 e6 4. e5 Nfd7 5. f4 c5 6. Nf3 Nc6 7. Be3 a6 8. Qd2 b5
9. O-O-O Qa5 10. Kb1 Rb8 11. Ne2 b4 12. dxc5 Bxc5 13. Nfd4 Qb6 14. Nc1 Na5 15.
h4 Qc7 16. Qf2 Bxd4 17. Bxd4 Nc4 18. h5 h6 19. Bd3 Rb5 20. Nb3 a5 21. f5 exf5
22. Rhe1 O-O 23. Qxf5 Nf6 24. Qf1 Ng4 25. Nd2 Be6 26. Nf3 Rb7 27. Qe2 a4 28.
Nh4 Re8 29. Nf5 Bxf5 30. Bxf5 Ngxe5 31. b3 axb3 32. cxb3 Na3+ 33. Ka1 f6 34.
Rc1 Qb8 35. Rc5 Rbe7 36. Qa6 Nd3 37. Rxe7 Nxc5 38. Bxc5 Rxe7 39. Bxe7 Qe5# 0-1

[Event "NED-ch 1997 sf"]
[Site "Enschede"]
[Date "1996.??.??"]
[Round "3"]
[White "Knoppert, Erik"]
[Black "Van der Weide, Karel"]
[Result "1/2-1/2"]
[WhiteElo "2415"]
[BlackElo "2365"]
[PlyCount "150"]
[EventDate "1996.??.??"]

1. e4 c5 2. Bc4 Nc6 3. c3 e6 4. Qe2 Nge7 5. Bb3 g6 6. d3 Bg7 7. f4 d5 8. Nf3
O-O 9. O-O b6 10. Nbd2 Ba6 11. e5 Qc7 12. Rf2 f6 13. exf6 Rxf6 14. Nf1 Raf8 15.
g3 Kh8 16. Ne3 h5 17. Bd2 Qd6 18. Ng2 e5 19. fxe5 Nxe5 20. Bf4 Nxf3+ 21. Rxf3
Qd7 22. Raf1 c4 23. Bc2 d4 24. dxc4 Bb7 25. Rd3 Re6 26. Qd2 Be4 27. Rxd4 Bxd4+
28. cxd4 Nf5 29. d5 Ree8 30. Bb3 Kh7 31. Qd1 Qe7 32. d6 Qg7 33. Rf2 Rd8 34. Rd2
h4 35. Qg4 Bxg2 36. Kxg2 Qb7+ 37. Kh3 hxg3 38. Bc2 Rd7 39. Be5 Qh1 40. Be4 Qf1+
41. Bg2 Qe1 42. Re2 Qc1 43. Bf4 Qg1 44. hxg3 Rh8 45. Qg5 Qd1 46. Bf3 Kg7+ 47.
Kg4 Nh6+ 48. Qxh6+ Rxh6 49. Re7+ Rxe7 50. Bxd1 Re4 51. Kf3 Rxf4+ 52. Kxf4 Kf6
53. b4 Ke6 54. c5 bxc5 55. bxc5 Kd5 56. Bf3+ Kxc5 57. d7 Rh8 58. Ke5 Kb6 59.
Kf6 a5 60. g4 g5 61. Bd5 Rd8 62. Be6 Rb8 63. Bf5 Rh8 64. Bg6 Rd8 65. Bc2 Rh8
66. Bb3 Rd8 67. Bf7 Rb8 68. Be6 Rh8 69. Bc4 Rd8 70. Bb3 Rh8 71. Be6 Rb8 72. Bf5
Rh8 73. Bg6 Rd8 74. Bf7 Rb8 75. Be6 Rh8 1/2-1/2

[Event "NED-ch 1997 sf"]
[Site "Enschede"]
[Date "1996.??.??"]
[Round "3"]
[White "Langeweg, Kick"]
[Black "Perez Garcia, Hebert"]
[Result "1/2-1/2"]
[WhiteElo "2375"]
[BlackElo "2210"]
[PlyCount "90"]
[EventDate "1996.??.??"]

1. d4 f5 2. g3 Nf6 3. Bg2 c6 4. Nf3 e6 5. O-O d5 6. c4 Bd6 7. b3 Qe7 8. Qc2 O-O
9. Ne5 Nbd7 10. Bb2 Ne4 11. e3 g5 12. f3 Nef6 13. Nd2 Qg7 14. cxd5 cxd5 15.
Rac1 Ne8 16. f4 g4 17. Nb1 Qe7 18. Qe2 Ndf6 19. Rc2 Bd7 20. Rfc1 a6 21. Qe1 Ng7
22. Qa5 Rfc8 23. Ba3 Nge8 24. Bxd6 Qxd6 25. Rxc8 Rxc8 26. Rxc8 Bxc8 27. Qc5 Bd7
28. Nc3 b6 29. Qxd6 Nxd6 30. Bf1 b5 31. a4 b4 32. Na2 a5 33. Nc1 Kf8 34. Ncd3
Ke7 35. Nc5 Be8 36. Ba6 Nfe4 37. Ned3 h5 38. Kg2 Nc3 39. Kf1 Nce4 40. Ke2 Nc3+
41. Ke1 Nce4 42. Ne5 Nf6 43. Bb7 Nfe4 44. Ba6 Nf6 45. Kd2 Nfe4+ 1/2-1/2

[Event "NED-ch 1997 sf"]
[Site "Enschede"]
[Date "1996.??.??"]
[Round "3"]
[White "Riemersma, Liafbern"]
[Black "Ernst, Sipke"]
[Result "1-0"]
[WhiteElo "2435"]
[BlackElo "2215"]
[PlyCount "69"]
[EventDate "1996.??.??"]

1. d4 d5 2. c4 c6 3. Nf3 Nf6 4. Nc3 dxc4 5. a4 Bf5 6. Ne5 e6 7. f3 c5 8. e4
cxd4 9. exf5 Nc6 10. Nxc6 bxc6 11. fxe6 fxe6 12. Bxc4 dxc3 13. Qxd8+ Rxd8 14.
bxc3 Nd5 15. Bd2 Rb8 16. Kd1 Bd6 17. Kc2 Kd7 18. g3 h5 19. Rhg1 Rb7 20. Rae1
Rhb8 21. Bc1 Be7 22. Rd1 Bd6 23. Rge1 Rf8 24. Be2 Rfb8 25. Bc4 Rb1 26. f4 g6
27. Ba2 R1b7 28. Re2 Re8 29. Bc4 Rbb8 30. Bd3 Rg8 31. Rde1 Rbe8 32. Bd2 Rg7 33.
Rd1 a5 34. c4 Nc7 35. Bc3 1-0

[Event "NED-ch 1997 sf"]
[Site "Enschede"]
[Date "1996.??.??"]
[Round "3"]
[White "Strating, Sybolt"]
[Black "Kroeze, Frank"]
[Result "1/2-1/2"]
[WhiteElo "2325"]
[BlackElo "2390"]
[PlyCount "84"]
[EventDate "1996.??.??"]

1. d4 d5 2. c4 e6 3. Nc3 c6 4. e4 dxe4 5. Nxe4 Bb4+ 6. Bd2 Qxd4 7. Bxb4 Qxe4+
8. Be2 Nd7 9. Bd6 b6 10. Qb3 Bb7 11. O-O-O O-O-O 12. Bf3 Qf5 13. Ne2 Ngf6 14.
Qa4 Ne5 15. Qxa7 Rxd6 16. Rxd6 Nxf3 17. Rhd1 Ne4 18. Rd7 Nc5 19. Rxb7 Nxb7 20.
Qa8+ Kc7 21. Qxh8 Ne5 22. Qxg7 Nc5 23. Qg3 Kb7 24. Nd4 Ned3+ 25. Kb1 Qe4 26.
Qe3 Qg6 27. Qg3 Qe4 28. Qe3 Qg6 29. Ka1 e5 30. Nf3 Qxg2 31. Nxe5 Nxf2 32. Rb1
Nfe4 33. Qf3 Qd2 34. Qxf7+ Ka6 35. Qf3 Qd6 36. Nf7 Qxh2 37. Rd1 Nd2 38. Qxc6
Nxc4 39. Rb1 Qd2 40. a4 Nb3+ 41. Ka2 Nc1+ 42. Ka1 Nb3+ 1/2-1/2